LEADER 04015nam 22007815 450 001 9910786576903321 005 20210722015753.0 010 $a0-8147-3303-4 024 7 $a10.18574/9780814733035 035 $a(CKB)2670000000299547 035 $a(EBL)865481 035 $a(OCoLC)819603326 035 $a(StDuBDS)EDZ0001326179 035 $a(MiAaPQ)EBC865481 035 $a(DE-B1597)548138 035 $a(DE-B1597)9780814733035 035 $a(EXLCZ)992670000000299547 100 $a20200723h20112011 fg 0 101 0 $aeng 135 $aurcn#---||||| 181 $2rdacontent 181 $2rdacontent 182 $2rdamedia 183 $2rdacarrier 200 10$aOur Biometric Future $eFacial Recognition Technology and the Culture of Surveillance /$fKelly A. Gates 210 1$aNew York, NY :$cNew York University Press,$d[2011] 210 4$d©2011 215 $a1 online resource 225 0 $aCritical Cultural Communication ;$v2 311 0 $a0-8147-3210-0 311 0 $a0-8147-3209-7 320 $aIncludes bibliographical references and index. 327 $tFront matter --$tContents --$tAbbreviations --$tAcknowledgments --$tIntroduction --$t1. Facial Recognition Technology from the Lab to the Marketplace --$t2. Police Power and the Smart CCTV Experiment --$t3. Finding the Face of Terror in Data --$t4. Inventing the Security-Conscious, Tech-Savvy Citizen --$t5. Automated Facial Expression Analysis and the Mobilization of Affect --$tConclusion --$tNotes --$tBibliography --$tIndex --$tAbout the Author 330 $aSince the 1960's, a significant effort has been underway to program computers to ?see? the human face—to develop automated systems for identifying faces and distinguishing them from one another?commonly known as Facial Recognition Technology. While computer scientists are developing FRT in order to design more intelligent and interactive machines, businesses and states agencies view the technology as uniquely suited for ?smart? surveillance?systems that automate the labor of monitoring in order to increase their efficacy and spread their reach. Tracking this technological pursuit, Our Biometric Future identifies FRT as a prime example of the failed technocratic approach to governance, where new technologies are pursued as shortsighted solutions to complex social problems. Culling news stories, press releases, policy statements, PR kits and other materials, Kelly Gates provides evidence that, instead of providing more security for more people, the pursuit of FRT is being driven by the priorities of corporations, law enforcement and state security agencies, all convinced of the technology?s necessity and unhindered by its complicated and potentially destructive social consequences. By focusing on the politics of developing and deploying these technologies, Our Biometric Future argues not for the inevitability of a particular technological future, but for its profound contingency and contestability. 410 0$aCritical cultural communication. 606 $aBiometric identification 606 $aFace$vIdentification 610 $aBiometric. 610 $aFuture. 610 $aTracking. 610 $aapproach. 610 $acomplex. 610 $aexample. 610 $afailed. 610 $agovernance. 610 $aidentifies. 610 $aprime. 610 $aproblems. 610 $apursued. 610 $apursuit. 610 $ashortsighted. 610 $asocial. 610 $asolutions. 610 $atechnocratic. 610 $atechnological. 610 $atechnologies. 610 $athis. 610 $awhere. 615 0$aBiometric identification. 615 0$aFace 676 $a363.232 700 $aGates$b Kelly A.$4aut$4http://id.loc.gov/vocabulary/relators/aut$01513135 801 0$bDE-B1597 801 1$bDE-B1597 906 $aBOOK 912 $a9910786576903321 996 $aOur Biometric Future$93747385 997 $aUNINA LEADER 02166nam0 2200457 i 450 001 RAV0204474 005 20251003044327.0 010 $a8806129244 020 $aIT$b92-4940 100 $a19940420d1992 ||||0itac50 ba 101 | $aita 102 $ait 181 1$6z01$ai $bxxxe 182 1$6z01$an 200 1 $aˆLe ‰origini del socialismo$eda Utopia alla bandiera rossa$fGiorgio Spini 210 $aTorino$cG. Einaudi$d[1992] 215 $aXIV, 394 p.$d22 cm. 225 | $aBiblioteca di cultura storica$v192 410 0$1001CFI0014683$12001 $aBiblioteca di cultura storica$v192 606 $aSocialismo$xSec. 19.$2FIR$3CFIC034295$9I 606 $aSocialismo$xOrigini$2FIR$3CFIC055194$9I 676 $a320.53109$9SOCIALISMO. TRATTAMENTO STORICO GEOGRAFICO.$v21 676 $a335$9Socialismo e sistemi affini$v14 676 $a335$9SOCIALISMO E SISTEMI DERIVATI$v19 676 $a335$9SOCIALISMO E SISTEMI AFFINI$v21 686 $aX09.5$cSTORIA DEL PENSIERO POLITICO$2R 686 $aX141.2$cMOVIMENTO INTERNAZIONALE SOCIALISTA$2R 700 1$aSpini$b, Giorgio$3CFIV029617$4070$033203 801 3$aIT$bIT-000000$c19940420 850 $aIT-BN0095 $aIT-SA0060 $aIT-AV0011 $aIT-NA0765 $aIT-AV0003 $aIT-AV0007 $aIT-NA0079 $aIT-NA0070 901 $bNAP AH$cSALASTUDIO$nEx sala studio, ora secondo piano 901 $bNAP 27$cSALA $n$ 901 $bNAP AV$cSEZ. M $nSezione Moderna 901 $bNAP 01$cPOZZO LIB.$nVi sono collocati fondi di economia, periodici di ingegneria e scienze, periodici di economia e statistica e altri fondi comprendenti documenti di economia pervenuti in dono. 901 $bNAP AR$cP. CICCONE$nDONAZIONE 901 $bNAP AO$cAFRAGOLA $n$ 912 $aRAV0204474 950 0$aBiblioteca Centralizzata di Ateneo$c1 v.$d 01POZZO LIB.ECON MON 9563$e 0101 0000108085E VMA 1 v. (precedente collocazione: GUERRAZZI B 1454)$fB $h20091210$i20091210 977 $a 01$a 27$a AH$a AO$a AR$a AV$a BN$a BU 996 $aOrigini del socialismo$966383 997 $aUNISANNIO